000 01112nam0a22002651 4500
001 v19\rc\1199954
005 20260407140931.0
035 _a(NLR Aleph) 005195002
090 _a5251351
_c5251351
100 _a20060306d1864 |||y0rusy50 ca
101 0 _arus
102 _aRU
105 _ay z |||||
200 1 _a[Проспект]
_fЦентр. склад в России фр. жерновых камней, фр. шелковых сит, швейцарских металлических сит и всех мельничных принадлежностей Моск. 1-й гильдии купца Антона Максимовича Эрлангера в Москве
210 _aМосква
_d1864
215 _a29 с.
540 1 3 _aПроспект
710 0 0 _aЭрлангер,
_gА.М.,
_hцентральный склад в России
_cМосква
_3RU\NLR\AUTH\8810083779
_9669581
801 0 _aRU
_bNLR
_c20060306
_gpsbo
801 1 _aRU
_bProSoft-M
_c20060306
_2rusmarc
801 2 _aRU
_bNLR
_c20060623
_2rusmarc
852 _aNLR
_j18.97.2.52
942 _cBOOK
980 _aNB